Normal view MARC view
  • SYSTEM ON A CHIP. COMPUTER NETWORKS - EQUIPMENT AND SUPPLIES

Entry Topical Term

Number of records used in: 1

001 - CONTROL NUMBER

  • control field: 61221

003 - CONTROL NUMBER IDENTIFIER

  • control field: NUST

005 - DATE AND TIME OF LATEST TRANSACTION

  • control field: 20210628202720.0

008 - FIXED-LENGTH DATA ELEMENTS

  • fixed length control field: 210628|| aca||aabn | a|a d

040 ## - CATALOGING SOURCE

  • Original cataloging agency: NUST
  • Transcribing agency: NUST

150 ## - HEADING--TOPICAL TERM

  • Topical term or geographic name entry element: SYSTEM ON A CHIP. COMPUTER NETWORKS - EQUIPMENT AND SUPPLIES

670 ## - SOURCE DATA FOUND

  • Source citation: Work cat.: (NUST): Benini, Luca,Micheli, Giovanni De,De Micheli, Giovanni 61220, Networks on chips technology and tools, 2006
© 2023 Central Library, National University of Sciences and Technology. All Rights Reserved.